Zwycięzcy Ligi Konferencji Europy [2026] - Statystyki

Ogólne statystyki
  • Ten quiz został rozwiązany 182 razy
    25 od ostatniego zresetowania
  • Średni wynik to 3 z 5
Statystyki odpowiedzi
Rok wygranej Klub % Poprawnych
2026 Crystal Palace
91%
2022 AS Roma
78%
2025 Chelsea F.C.
61%
2023 West Ham
57%
2024 Olympiakos
43%
Nie znaleziono quizów pasujących do podanych kryteriów
Rozkład punktacji
Procent ludzi z każdym wynikiem
Percentyl według liczby udzielonych odpowiedzi
Twoja historia wyników
Nie rozwiązałeś tego quizu od ostatniego zresetowania